Actos conmemorativos del IV centenario del nacimiento de Francisco de Quevedo y Villegas (Record no. 20883)

MARC details
000 -LEADER
campo de control de longitud fija 00500nam a2200145 i 4500
001 - NÚMERO DE CONTROL
campo de control 20883
003 - IDENTIFICADOR DE NÚMERO DE CONTROL
campo de control ES-MaACL
005 - FECHA Y HORA DE LA ÚLTIMA TRANSACCIÓN
campo de control 20230906152400.0
007 - CAMPO FIJO DE DESCRIPCIÓN FÍSICA--INFORMACIÓN GENERAL
campo de control de longitud fija t|
008 - DATOS DE LONGITUD FIJA--INFORMACIÓN GENERAL
campo de control de longitud fija 021119s1981 sp ||||1| spa d
245 00 - MENCIÓN DEL TÍTULO
Título Actos conmemorativos del IV centenario del nacimiento de Francisco de Quevedo y Villegas
Resto del título : octubre-noviembre de 1980.
260 ## - PUBLICACIÓN, DISTRIBUCIÓN, ETC.
Lugar de publicación, distribución, etc. Villanueva de los Infantes (Ciudad Real) :
Nombre del editor, distribuidor, etc. [Ayuntamiento Sto. Tomás,
Fecha de publicación, distribución, etc. 1981]
300 ## - DESCRIPCIÓN FÍSICA
Extensión 168 p. ;
Dimensiones 26 cm.
852 ## - LOCALIZACIÓN
Ubicación ES-MaACL
Número de control de estantería L-1342
Sublocalización o colección R.102048
Holdings
Estatus retirado Estado de pérdida Estado de daño No para préstamo Biblioteca de origen Biblioteca actual Ubicación en estantería Fecha de adquisición Fuente de adquisición Total de préstamos Signatura topográfica completa Código de barras Visto por última vez Precio de reemplazo Tipo de ítem Koha
        Biblioteca del Ateneo de Madrid Biblioteca del Ateneo de Madrid Depósito 2 17/01/2008     L-1342 1021446 23/02/2023 23/02/2023 Libro impreso